Taylor Swift - Bejeweled - Statistics

General Stats
  • This quiz has been taken 170 times
    166 since last reset
  • The average score is 386 of 422
Answer Stats
Answer % Correct
a
100%
A
100%
as
100%
bejeweled
100%
I
100%
"I
100%
the
100%
And
99%
can
99%
"Do
99%
do?
99%
In
99%
in
99%
shimmer
99%
still
99%
walk
99%
when
99%
When
99%
you
99%
don't
97%
Don't
97%
I'm
97%
me
97%
my
97%
of
97%
remember"
97%
room
97%
say
97%
your
97%
have
96%
he
96%
make
96%
man?"
96%
place
96%
to
96%
When
96%
ask
95%
by
95%
then
95%
too
95%
(Too
95%
whole
95%
Baby
93%
been
93%
believe
93%
I've
93%
kind
93%
nice
93%
Nice!
93%
(Nice)
93%
think
93%
band
92%
Best
92%
Diamonds
92%
diamond's
92%
girl
92%
girl)
92%
got
92%
heart
92%
little
92%
on
92%
out
92%
put
92%
They
92%
tonight
92%
way
92%
all
91%
but
91%
But
91%
Did
91%
goin'
91%
mind
91%
basement
89%
boy
89%
eyes
89%
good
89%
present
89%
you're
89%
love
88%
meet
88%
over
88%
real-
88%
real
88%
could
87%
gonna
87%
penthouse
87%
gotta
85%
shoes
85%
want
85%
What's
85%
gave
84%
miss
84%
shine
84%
sparklin'
84%
up
84%
'cause
83%
Didn't
83%
peace
83%
polish
83%
some
83%
time
83%
try
83%
walkin'
81%
change
80%
extra
80%
heard?
80%
it's
80%
Just
80%
notice
80%
Familiarity
79%
land
79%
only
79%
top
79%
works
79%
first
77%
five
77%
reclaim
77%
said
77%
curve
76%
high
76%
lessons
76%
line
76%
night
76%
sky
76%
someone
76%
teach
76%
was
76%
credit
75%
their
75%
world
75%
made
73%
tears
73%
wait
73%
contempt
72%
Sapphire
72%
face
69%
guy
69%
might
69%
Puttin'
69%
Sadness
69%
graded
67%
moonstone
67%
aura's
64%
breeds
63%
dancin'
56%
became
55%
we're
55%
(Huh)
31%
No matching quizzes found
Score Distribution
Percent of People with Each Score
Percentile by Number Answered
Your Score History
You have not taken this quiz since the last reset